My 10 favourite French politicians (February 2023) - Statistics

General Stats
  • This quiz has been taken 21 times
  • The average score is 7 of 10
Answer Stats
Picture Hint Answer % Correct
Seventh Jean-Luc Mélenchon
100%
Second Jean Castex
95%
Fourth Rachida Dati
81%
Fifth Clémentine Autain
76%
Sixth Pap N'Diaye
76%
Eighth Olivier Faure
71%
Ninth Najat Vallaud-Belkacem
67%
Third Clément Beaune
62%
First Jérôme Guedj
62%
Tenth Aurélien Pradié
57%
No matching quizzes found
Score Distribution
Percent of People with Each Score
Percentile by Number Answered
Your Score History
You have not taken this quiz